| 000 | 00778nam a22002057a 4500 | ||
|---|---|---|---|
| 999 |
_c15451 _d15451 |
||
| 003 | AR-CdUCM | ||
| 008 | 190427b ||||| |||| 00| 0 spa d | ||
| 040 |
_aMUNICIPALIDAD PROVINCIAL DEL CUSCO _cBIBLIOTECA MUNICIPAL DEL CUSCO |
||
| 082 |
_a910.4 / _bA95 / 1918 |
||
| 100 |
_aAyzanoa, R. P. C. _934531 |
||
| 245 | _aImpresiones de viajes / | ||
| 260 |
_aLima : _bRamírez Hermanos, _c1918. |
||
| 300 |
_a231 páginas ; _c18.5 cm. |
||
| 505 | _aContenido : La partida - Bahía del caballo - a borde de "Mapocho" -- Puerto de Pisagua - La aridez de los cerros la lucha por la existencia - El puerto de Iquique -- El puerto de Antofagasta ... | ||
| 650 |
_aViajes _9856 |
||
| 650 |
_aPerú _92178 |
||
| 650 |
_achile _91150 |
||
| 942 |
_2ddc _cLIBROS |
||
| 945 |
_arah _d27/04/2019 |
||